• 首页
  • 本馆介绍
  • 公告通知
  • 最新文献
  • 馆藏检索
  • 电子资源
  • 读者导购
  • 参考咨询
  • 我的图书馆
  • 登录
  • 详细信息显示
  • 放入我的书架
  • 预约/预借图书
  • 作者相关作品
  • 分类相关作品
  • 丛书相关作品
  • 出版社相关作品

书目信息

  • 表格格式
  • 工作单格式
  • 卡片格式
题名:
李宁细说孕产妇怎么吃
    
 
作者: 李宁 主编
分册:  
出版信息: 青岛   青岛出版社  2015
页数: 222页
开本: 24cm
丛书名:
单 册:
中图分类: R153.1
科图分类:
主题词: 围产期--饮食营养学
电子资源:
ISBN: 978-7-5552-1406-9
000 00812nam0 2200217 450
001 2760
005 20161205145536.26
010    @a978-7-5552-1406-9@dCNY39.80
100    @a20150721d2015 em y0chiy50 ea
101 0  @achi
102    @aCN@b370000
105    @aa z 000yy
200 1  @a李宁细说孕产妇怎么吃@9li ning xi shuo yun chan fu zen me chi@f李宁主编
210    @a青岛@c青岛出版社@d2015
215    @a222页@c彩图@d24cm
330    @a本书针对孕产妇的饮食问题,给出了详细的指导方案,包括孕前饮食调养、孕期十个月的同步营养方案、孕妈妈必须补充的营养素、产后饮食方案及孕产妇的不适症状饮食调理,指导孕产妇孕育分娩一个健康的宝宝。
606 0  @a围产期@x饮食营养学
690    @aR153.1@v5
701  0 @a李宁@9li ning@c(女)@4主编
801  0 @aCN@b大连网信软件有限公司图书馆·11@c20161205
905    @aZUCC@dR153.1@e123
    
    李宁细说孕产妇怎么吃/李宁主编.-青岛:青岛出版社,2015
    222页:彩图;24cm
    
    
    ISBN 978-7-5552-1406-9:CNY39.80
    本书针对孕产妇的饮食问题,给出了详细的指导方案,包括孕前饮食调养、孕期十个月的同步营养方案、孕妈妈必须补充的营养素、产后饮食方案及孕产妇的不适症状饮食调理,指导孕产妇孕育分娩一个健康的宝宝。
●
相关链接 在E读中查询图书 在五车中查询图书 在当当中查询图书 在豆瓣中查询图书


正题名:李宁细说孕产妇怎么吃     索取号:R153.1/123         预约/预借

序号 登录号 条形码 馆藏地/架位号 状态 备注
1 911429   209114297   第二样本阅览室/ [索取号:R153.1/123] 在馆    
2 911430   209114304   第三借阅区/ [索取号:R153.1/123] 在馆    
3 911431   209114313   第三借阅区/ [索取号:R153.1/123] 在馆    
4 911432   209114322   第三借阅区/ [索取号:R153.1/123] 在馆    
5 911433   209114331   第三借阅区/ [索取号:R153.1/123] 在馆    
唐山师范学院图书馆 欢迎您!
大连网信软件有限公司© 版权所有